Ramón del Valle-Inclán et la sensibilité "fin de siècle" / (Record no. 178516)

MARC details
000 -LEADER
campo de control de longitud fija 00860nam a22002535i 4500
001 - NÚMERO DE CONTROL
campo de control 178516
003 - IDENTIFICADOR DE NÚMERO DE CONTROL
campo de control ES-MaACL
005 - FECHA Y HORA DE LA ÚLTIMA TRANSACCIÓN
campo de control 20230906220541.0
008 - DATOS DE LONGITUD FIJA--INFORMACIÓN GENERAL
campo de control de longitud fija 110606s2000 fr |||| | fre d
020 ## - NÚMERO INTERNACIONAL ESTÁNDAR DEL LIBRO
Número Internacional Estándar del Libro 2-7384-9865-5
080 ## - NÚMERO DE LA CLASIFICACIÓN DECIMAL UNIVERSAL
Número de la Clasificación Decimal Universal 821.134.2 Valle-Inclán, Ramón del
100 1# - ENTRADA PRINCIPAL--NOMBRE DE PERSONA
Nombre de persona Le Scoëzec Masson, Annick.
9 (RLIN) 146943
245 10 - MENCIÓN DEL TÍTULO
Título Ramón del Valle-Inclán et la sensibilité "fin de siècle" /
Mención de responsabilidad, etc. Annick Le Scoezec Masson.
260 ## - PUBLICACIÓN, DISTRIBUCIÓN, ETC.
Lugar de publicación, distribución, etc. Paris :
Nombre del editor, distribuidor, etc. L'Harmattan,
Fecha de publicación, distribución, etc. D. L. 2000.
300 ## - DESCRIPCIÓN FÍSICA
Extensión 384 p. ;
Dimensiones 22 cm.
490 1# - MENCIÓN DE SERIE
Mención de serie Critiques littéraires
500 ## - NOTA GENERAL
Nota general Índice.
504 ## - NOTA DE BIBLIOGRAFÍA, ETC.
Nota de bibliografía, etc. Bibliografía: p. 361-372.
546 ## - NOTA DE IDIOMA
Nota de lengua/lenguaje Texto en francés.
600 14 - PUNTO DE ACCESO ADICIONAL DE MATERIA--NOMBRE DE PERSONA
Nombre de persona Valle-Inclán, Ramón del,
Fechas asociadas al nombre 1866-1936-
Subdivisión general Crítica e interpretación
9 (RLIN) 112800
830 0# - PUNTO DE ACCESO ADICIONAL DE SERIE-TÍTULO UNIFORME
Título uniforme Critiques littéraires
9 (RLIN) 224310
852 ## - LOCALIZACIÓN
Ubicación ES-MaACL
Número de control de estantería E-15269
Holdings
Estatus retirado Estado de pérdida Estado de daño No para préstamo Biblioteca de origen Biblioteca actual Ubicación en estantería Fecha de adquisición Fuente de adquisición Total de préstamos Signatura topográfica completa Código de barras Visto por última vez Precio de reemplazo Tipo de ítem Koha
        Biblioteca del Ateneo de Madrid Biblioteca del Ateneo de Madrid Depósito 2 06/06/2011     E-15269 1187519 23/02/2023 23/02/2023 Libro impreso